01153nam a2200289 a 4500001000400000003001000004005001700014008004100031020001800072040002500090080002100115090002100136245018000157260003100337300002700368500002200395504002500417650002600442650005900468650006200527700004600589700003700635700004100672942001200713952012500725999001300850923BR-CuiBMT20231123013844.0231122s2016 prba 000 0 por d a9788547300609 aBR-CuiBMTcBR-CuiBMT 22007a37.091:005 a37.091:005bG39300aGestão educacional :bsistemas e conselhos municipais de educação /cBartolomeu José Ribeiro de Sousa, Regina Aparecida da Silva, Sandra Regina Geiss Lorensini [org.]. aCuritiba :bAppris,c2016. a183 p. :bil. ;c22 cm aVários autores. aInclui bibliografia. aGestão educacional  aEscola públicasvOrganização e administração aAmbiente educacionalxOrganização e administração1 aSousa, Bartolomeu José Ribeiro de4org.1 aSilva, Regina Aparecida da4org.1 aLorensini, Sandra Regina Geiss4org. 2udccLV 00102udc4070aBIBTCEMTbBIBTCEMTd2023-11-23l0o37.091:005 G393pBIBTCEMT23110918r2023-11-23tEx. 1w2023-11-23yLV c923d923